| 000 | 004510000a22001810004500 | ||
|---|---|---|---|
| 003 | MACL | ||
| 005 | 20151023142626.0 | ||
| 008 | 151023b xxu||||| |||| 00| 0 eng d | ||
| 040 |
_aMACL _cMACL |
||
| 041 | _aEnglish | ||
| 082 | _a954/GHO | ||
| 100 |
_aGhosal, H.R. _916200 |
||
| 245 | _aAn Outline History Of The Indian People | ||
| 260 |
_bPublication Division _c1972 _aFaridabad |
||
| 350 | _a3 | ||
| 650 |
_aHistory _916423 |
||
| 942 |
_cBK _k954 _2ddc |
||
| 999 |
_c7515 _d7515 |
||